Представление документа в формате RUSMARC

ПолеНазваниеЗначение
  Тип записи a
  Библиографический уровень m
001 Контрольный номер b015769651f84b2b9d38854714aa19b6
005 Дата корректировки 20260625094131.4
010 Индекс ISBN __
a ISBN 978-5-91187-483-4
9 Тираж 1000 экз.
d Цена 597-68
100 Данные общей обработки __
a Данные общей обработки 20260610d2024 m y0rusy028902 ca
101 Язык документа 0_
a Язык текста rus
102 Страна публикации __
a Страна публикации RU
105 Кодированные данные (монография) __
a Кодированные данные (монография) a z 000yb
181 Поле кодированных данных: вид содержания _0
a Код вида содержания (ISBD) i
182 Поле кодированных данных: тип средства _0
a Код типа средства (ISBD) n
200 Заглавие и сведения об ответственности 1_
a Заглавие Ариадна Эфрон: рассказанная жизнь
f Первые сведения об ответственности Елена Коркина
203 Вид содержания и тип средства __
a Вид содержания Текст
c Тип средства непосредственный
205 Сведения об издании __
a Основные сведения об издании 3-е издание
210 Выходные данные 1_
a Место издания Москва
c Издательство Бослен
d Дата издания 2024
215 Физическое описание __
a Объем 141, [1] с.
c Иллюстрации/тип воспроизводства фот.
d Формат 20 см
330 Аннотация __
a Аннотация Эта книга — собрание рассказов дочери Марины Цветаевой Ариадны Сергеевны Эфрон, записанных Еленой Коркиной в 1970–1973 годах. Всего двадцать четыре рассказа, семь из которых посвящены парижской жизни Ариадны Эфрон в 1930-е, остальные повествуют о шестнадцати годах, проведенных ею в лагерях и ссылках. А. С. Эфрон известна как автор воспоминаний о Марине Цветаевой "Страницы былого", публикатор ее литературного наследия, переводчик западноевропейской лирики и драматургии. Но книгу о своей жизни ей не довелось написать. И настоящее собрание ее устных рассказов представляет собой часть не написанной, но рассказанной книги. Автор — исследовательница и публикатор творческого наследия Марины Цветаевой, текстолог и архивист, кандидат филологических наук, старший научный сотрудник Дома-музея Марины Цветаевой — провела в тесном общении с А. С. Эфрон последние шесть лет ее жизни.
333 Примечание о целевом назначении __
a Примечание о целевом назначении 16+. Для детей старше 16 лет
517 Другие варианты заглавия 1_
a Другие варианты заглавия Эфрон Ариадна: рассказанная жизнь
517 Другие варианты заглавия 1_
a Другие варианты заглавия Рассказанная жизнь
600 Персоналии _1
2 Код системы nlr_sh
a Персоналии (Фамилия) Цветаева
b Персоналии (Имя) М. И.
g Полное имя Марина Ивановна
f Даты 1892-1941
600 Персоналии _1
2 Код системы nlr_sh
a Персоналии (Фамилия) Эфрон
b Персоналии (Имя) А. С.
g Полное имя Ариадна Сергеевна
f Даты 1912-1975
606 Тематические рубрики __
2 Код системы nlr_sh
a Основная рубрика Литературоведение
606 Тематические рубрики __
2 Код системы nlr_sh
a Основная рубрика Русская литература XX в.
606 Тематические рубрики __
2 Код системы nlr_sh
a Основная рубрика История
606 Тематические рубрики __
2 Код системы nlr_sh
a Основная рубрика История России и СССР (октябрь 1917 - 1991 г.)
610 Ключевые слова 0_
a Ключевые слова русские поэтессы
610 Ключевые слова 0_
a Ключевые слова биографии
610 Ключевые слова 0_
a Ключевые слова персоналии
610 Ключевые слова 0_
a Ключевые слова русские эмигранты
610 Ключевые слова 0_
a Ключевые слова жертвы репрессий
610 Ключевые слова 0_
a Ключевые слова воспоминания
610 Ключевые слова 0_
a Ключевые слова мемуары
686 Индексы других классификаций __
2 Код системы rubbks
a Классификационный индекс 83.3(2=411.2)6-8
686 Индексы других классификаций __
2 Код системы rubbks
a Классификационный индекс 63.3(2)6-8
700 Автор _1
a Фамилия Коркина
b Имя Е. Б.
f Даты 1947-
g Полное личное имя Елена Баурджановна
4 Код отношения 070
712 Наименование организации (Вторичная ответственность) 02
a Организация/ юрисдикция Дом-музей Марины Цветаевой
c Место постоянной организации Москва
801 Источник записи _0
a Страна RU
b Организация Муниципальное бюджетное учреждение культуры "Централизованная библиотечная система" г. Сургут (Центральная городская библиотека им. А. С. Пушкина)
g Правила каталогизации PSBO
c Дата составления 20260611
801 Источник записи _1
a Страна RU
b Организация Муниципальное бюджетное учреждение культуры "Централизованная библиотечная система" г. Сургут (Центральная городская библиотека им. А. С. Пушкина)
g Правила каталогизации PSBO
c Дата составления 20260611
852 Данные о местонахождении __
i Авторский знак К 66
j Шифр хранения 83.3(2=411.2)6-8
900 Макрообъекты __
a Макрообъекты Ариадна Эфрон. Коркина, Е. Б., 2024
901 Тип документа __
t Тип документа m
a Ответственный КиК/Обаева
901 Тип документа __
a Ответственный 7 партия
903 Характеристики (МАРС) __
c Наименование библиотеки (МАРС) Муниципальное бюджетное учреждение культуры "Централизованная библиотечная система" г. Сургут (Центральная городская библиотека им. А. С. Пушкина)
a Дата передачи 20260611
969 Тип издания __
a Тип издания Ф 26
a Тип издания историческая литература
990 Данные о заказе (DOS) __
j Количество экземпляров (DOS) 2
t N записи в КСУ для И/У (DOS) 202607